000 00469nam a2200181Ia 4500
005 20250508161742.0
008 008 250505s9999 xx 000 0 eng d
037 _aTextual
040 _aFEDL
_beng
_cFEDL
041 _aeng
_2eng
084 _aF, BLY
_qFEDL
100 _aBlyton Enid
245 0 _aSecret seven adventure
260 _aLeicester
_bBrockhampton Press Ltd.
_c1956
300 _a116p
942 _cTEXL
_hF, BLY
999 _c1371902
_d1371902